| 000 | 00760cam a2200217 4500 | ||
|---|---|---|---|
| 001 | 000000899 | ||
| 005 | 20200929145432.0 | ||
| 008 | 790810s1963 nyua b 001 0deng | ||
| 040 |
_aDO-SdBNP _bspa _cBNPHU |
||
| 082 |
_a923.273 _bK35p |
||
| 100 | 1 |
_aKennedy, John F. _q(John Fitzgerald), _d1917-1963. _93189 |
|
| 245 | 1 | 0 |
_aProfiles in courage / _cJohn F. Kennedy. |
| 260 |
_aNew York : _bPocket Books, _c1963. |
||
| 300 |
_a233 p. : _bil. ; _c17 cm. |
||
| 440 | 0 |
_aGiant cardinal ; _vno. 238 _93190 |
|
| 500 | _aPublicada originalmente: Harper & Brothers, 1956 | ||
| 500 | _aIncluye índice | ||
| 504 | _aIncluye bibliografía (p.215-226) | ||
| 610 | 1 | 4 |
_aESTADOS UNIDOS _bCONGRESO _bSENADO _vBIOGRAFÍAS _93191 |
| 650 | 4 |
_aEstados unidos _xPolítica y gobierno _93192 |
|
| 999 |
_c891 _d891 |
||